Multiple Choice City Quiz – Kathmandu - Statistics

General Stats
  • This quiz has been taken 124 times
    123 since last reset
  • The average score is 5 of 10
Answer Stats
Question Answer % Correct
What natural disaster destroyed much of Kathmandu in 2015? Earthquake
95%
What weapon are Nepalese Gorkha soldiers known for carrying? Curved daggers
75%
In what year were the Gorkhalis victorious at the Battle of Kathmandu? 1768
70%
Kathmandu is known for the Boudhanath Stupa. What is the Boudhanath Stupa? A giant Buddha statue
57%
What infamous event took place at Kathmandu's Naranyahiti Palace in 2001? Royal Massacre
49%
What is Kathmandu's nickname? City of Temples
45%
Historically, what events took place in Kathmandu's Durbar Square? Royal coronations
45%
How many UNESCO World Heritage sites can be found in and around the Kathmandu Valley? 7
30%
What is Kathmandu's main tourist district called? Thamel
29%
What's the name of Kathmandu's main public garden? Garden of Dreams
20%
No matching quizzes found
Score Distribution
Percent of People with Each Score
Percentile by Number Answered
Your Score History
You have not taken this quiz since the last reset